<?xml version="1.0" encoding="UTF-8"?>
<marc:record xmlns:marc="http://www.loc.gov/MARC21/slim">
   <marc:leader>00000nam a2200000 a 4500</marc:leader>
   <marc:datafield ind1="1" ind2=" " tag="100">
      <marc:subfield code="a">Miles, Terry</marc:subfield>
      <marc:subfield code="4">aut</marc:subfield>
      <marc:subfield code="e">Verfasser/-in</marc:subfield>
   </marc:datafield>
   <marc:datafield ind1="1" ind2=" " tag="100">
      <marc:subfield code="a">Andersen, Kai</marc:subfield>
      <marc:subfield code="4">trl</marc:subfield>
      <marc:subfield code="e">Übersetzer/-in</marc:subfield>
   </marc:datafield>
   <marc:datafield ind1=" " ind2=" " tag="653">
      <marc:subfield code="a">Spiel</marc:subfield>
   </marc:datafield>
   <marc:datafield ind1=" " ind2=" " tag="653">
      <marc:subfield code="a">Thriller</marc:subfield>
   </marc:datafield>
   <marc:datafield ind1=" " ind2=" " tag="653">
      <marc:subfield code="a">Spannung</marc:subfield>
   </marc:datafield>
   <marc:datafield ind1=" " ind2=" " tag="653">
      <marc:subfield code="a">Krimis, Thriller, Spionage</marc:subfield>
   </marc:datafield>
   <marc:datafield ind1=" " ind2=" " tag="653">
      <marc:subfield code="a">Seattle</marc:subfield>
   </marc:datafield>
   <marc:datafield ind1=" " ind2=" " tag="653">
      <marc:subfield code="a">Gaming</marc:subfield>
   </marc:datafield>
   <marc:datafield ind1=" " ind2=" " tag="653">
      <marc:subfield code="a">Escape Room</marc:subfield>
   </marc:datafield>
   <marc:datafield ind1=" " ind2=" " tag="653">
      <marc:subfield code="a">Podcast</marc:subfield>
   </marc:datafield>
   <marc:datafield ind1=" " ind2=" " tag="653">
      <marc:subfield code="a">Alternate Reality</marc:subfield>
   </marc:datafield>
   <marc:datafield ind1=" " ind2=" " tag="653">
      <marc:subfield code="a">Geo-Caching</marc:subfield>
   </marc:datafield>
   <marc:datafield ind1="0" ind2="0" tag="245">
      <marc:subfield code="a">Rabbits</marc:subfield>
   </marc:datafield>
   <marc:datafield ind1="0" ind2="0" tag="245">
      <marc:subfield code="b">Spiel um dein Leben : Thriller</marc:subfield>
   </marc:datafield>
   <marc:datafield ind1="0" ind2="0" tag="245">
      <marc:subfield code="c">Terry Miles ; aus dem Amerikanischen von Kai Andersen</marc:subfield>
   </marc:datafield>
   <marc:datafield ind1=" " ind2="1" tag="264">
      <marc:subfield code="a">München</marc:subfield>
      <marc:subfield code="b">Penguin Verlag</marc:subfield>
      <marc:subfield code="c">2022</marc:subfield>
   </marc:datafield>
   <marc:datafield ind1=" " ind2=" " tag="250">
      <marc:subfield code="a">1. Auflage</marc:subfield>
   </marc:datafield>
   <marc:datafield ind1="1" ind2=" " tag="520">
      <marc:subfield code="a">RABBITS. Spiel um dein Leben : Thriller. Mysteriös und unvergleichlich: Ein Thriller so genial, dass es kein Zufall sein kann Rabbits. R U Playing? / von Terry Miles &lt;br/&gt;&lt;br/&gt;Deine Mitspieler: unbekannt. Die Regeln: tödlich. Der Einsatz: Dein Leben.&lt;br/&gt; &lt;br/&gt;Es ist ein normaler Arbeitstag. Du siehst auf die Uhr: 4.44. Du checkst deine Mails, und 44 ungelesene Nachrichten warten auf dich. Schockiert realisierst du, dass heute der 4. April ist  der 4.4. Und als du in dein Auto steigst, um nach Hause zu fahren, zeigt der Kilometerzähler 44.444 an.&lt;br/&gt;  &lt;br/&gt;Zufall? Oder hast du gerade RABBITS für dich entdeckt?Seit vielen Jahren hat K keine Familie mehr und kann sich nur noch auf zwei enge Freunde verlassen  Chloe und Baron. Gemeinsam sind sie süchtig nach RABBITS. Niemand weiß genau, seit wann dieses geheime Spiel im Untergrund existiert. Wann endlich die nächste Runde beginnt. Wer mitspielt. Was der Gewinner bekommt. Doch diese eine Regel ist klar: Die Spieler dürfen nicht darüber sprechen. Und wer gegen die Regel verstößt, schwebt in Lebensgefahr. So wie ein berühmter Ex-Spieler, der K einen Auftrag erteilt und plötzlich spurlos verschwindet. Alarmiert schlägt K alle Warnungen in den Wind und fängt an, den Hinweisen zu folgen  ohne zu ahnen, dass die gefährlichste RABBITS-Runde aller Zeiten längst begonnen hat. &lt;br/&gt;»Eine Achterbahnfahrt voller Twists, die sich nahtlos von einer Schatzsuche zu einem Verschwörungsthriller zu einem Escape Room wandelt.« Kirkus Review</marc:subfield>
   </marc:datafield>
   <marc:datafield ind1=" " ind2=" " tag="020">
      <marc:subfield code="a">9783328602279</marc:subfield>
      <marc:subfield code="9">9783328602279</marc:subfield>
   </marc:datafield>
   <marc:datafield ind1=" " ind2=" " tag="041">
      <marc:subfield code="a">ger</marc:subfield>
   </marc:datafield>
   <marc:datafield ind1="1" ind2=" " tag="521">
      <marc:subfield code="a">0</marc:subfield>
   </marc:datafield>
   <marc:datafield ind1=" " ind2=" " tag="300">
      <marc:subfield code="a">490 Seiten</marc:subfield>
   </marc:datafield>
</marc:record>
